[Event "Cerrado Blitz Benimodo 2018"]
[Site "Benimodo, Spain"]
[Date "2018.08.13"]
[Round "1.2"]
[White "Pena Riasco, Alexander"]
[Black "Valentin Pascual, Cesar"]
[Result "1-0"]
[WhiteElo "2119"]
[BlackElo "2098"]
[PlyCount "69"]
[EventDate "2018.??.??"]

1. d4 {[%clk 00:07:04]} 1... Nf6 2. Bf4 {[%emt 00:00:09]} 2... d5 {
[%clk 00:06:52]  [%emt 00:00:07]} 3. e3 {[%clk 00:07:09]} 3... c5 {
[%clk 00:06:47]  [%emt 00:00:08]} 4. Nf3 {[%clk 00:07:04]  [%emt 00:00:05]}
4... Qb6 {[%clk 00:06:39]  [%emt 00:00:11]} 5. Nc3 {
[%clk 00:06:56]  [%emt 00:00:20]} 5... e6 {[%clk 00:06:04]  [%emt 00:00:30]} 6.
Nb5 {[%clk 00:05:10]  [%emt 00:01:48]} 6... Na6 {
[%clk 00:05:57]  [%emt 00:00:35]} 7. Ne5 {[%clk 00:04:37]  [%emt 00:00:11]}
7... c4 {[%clk 00:05:48]  [%emt 00:00:15]} 8. a4 {
[%clk 00:04:39]  [%emt 00:00:04]} 8... Be7 {[%clk 00:05:09]  [%emt 00:00:39]}
9. c3 {[%clk 00:04:32]  [%emt 00:00:10]} 9... O-O {
[%clk 00:05:10]  [%emt 00:00:03]} 10. Be2 {[%clk 00:04:33]  [%emt 00:00:04]}
10... Ne4 {[%clk 00:05:04]  [%emt 00:00:07]} 11. h3 {
[%clk 00:04:20]  [%emt 00:00:13]} 11... f6 {[%clk 00:04:44]  [%emt 00:00:30]}
12. Nf3 {[%clk 00:04:21]} 12... Nd6 {[%clk 00:04:44]} 13. Nxd6 {
[%clk 00:04:18]  [%emt 00:00:09]} 13... Bxd6 {[%clk 00:04:46]} 14. Bxd6 {
[%clk 00:04:17]  [%emt 00:00:04]} 14... Qxd6 {[%clk 00:04:48]} 15. O-O {
[%clk 00:04:15]  [%emt 00:00:18]} 15... Bd7 {[%clk 00:04:40]  [%emt 00:00:04]}
16. e4 {[%clk 00:03:59]  [%emt 00:00:10]} 16... Nc7 {
[%clk 00:04:08]  [%emt 00:00:56]} 17. e5 {[%clk 00:03:58]} 17... Qe7 {
[%clk 00:04:04]} 18. exf6 {[%clk 00:03:58]} 18... gxf6 {
[%clk 00:03:51]  [%emt 00:00:11]} 19. b3 {[%clk 00:03:59]  [%emt 00:00:03]}
19... cxb3 {[%clk 00:03:42]  [%emt 00:00:11]} 20. Qxb3 {
[%clk 00:04:01]  [%emt 00:00:04]} 20... b6 {[%clk 00:03:33]  [%emt 00:00:07]}
21. c4 {[%clk 00:03:51]  [%emt 00:00:12]} 21... Kh8 {
[%clk 00:03:16]  [%emt 00:00:23]} 22. Kh1 {[%clk 00:03:39]  [%emt 00:00:12]}
22... Qg7 {[%clk 00:03:11]  [%emt 00:00:11]} 23. a5 {
[%clk 00:03:37]  [%emt 00:00:07]} 23... Rab8 {[%clk 00:03:07]  [%emt 00:00:04]}
24. axb6 {[%clk 00:03:25]  [%emt 00:00:16]} 24... Rxb6 {
[%clk 00:03:03]  [%emt 00:00:06]} 25. Qa3 {[%clk 00:03:27]} 25... a6 {
[%clk 00:02:59]  [%emt 00:00:07]} 26. Qa5 {[%clk 00:03:08]  [%emt 00:00:21]}
26... Rb7 {[%clk 00:02:40]  [%emt 00:00:22]} 27. Qc5 {
[%clk 00:02:52]  [%emt 00:00:22]} 27... Rg8 {[%clk 00:02:21]  [%emt 00:00:20]}
28. Rg1 {[%clk 00:02:54]} 28... dxc4 {[%clk 00:01:52]  [%emt 00:00:36]} 29.
Bxc4 {[%clk 00:02:56]  [%emt 00:00:04]} 29... Nb5 {[%clk 00:01:53]} 30. Rxa6 {
[%clk 00:01:51]  [%emt 00:01:06]} 30... Rc8 {[%clk 00:01:29]  [%emt 00:00:25]}
31. Qb4 {[%clk 00:01:51]  [%emt 00:00:20]} 31... Bc6 {[%clk 00:01:23]} 32. Bxe6
{[%clk 00:01:32]  [%emt 00:00:13]} 32... Nxd4 {[%clk 00:01:03]  [%emt 00:00:23]
} 33. Qxd4 {[%clk 00:01:30]  [%emt 00:00:08]} 33... Bxf3 {
[%clk 00:00:16]  [%emt 00:00:48]} 34. gxf3 {[%clk 00:01:32]  [%emt 00:00:35]}
34... Qh6 {[%clk 00:00:18]} 35. Bxc8 1-0

[Event "Cerrado Blitz Benimodo 2018"]
[Site "Benimodo, Spain"]
[Date "2018.08.13"]
[Round "1.3"]
[White "Garcia Sancho, Josep"]
[Black "Galvan Cipriani, Viviana"]
[Result "1-0"]
[WhiteElo "2027"]
[BlackElo "1948"]
[PlyCount "159"]
[EventDate "2018.??.??"]

1. Nf3 {[%clk 00:07:03]  [%emt 00:00:07]} 1... c5 {
[%clk 00:07:05]  [%emt 00:00:04]} 2. e3 {[%clk 00:07:05]} 2... Nf6 {
[%clk 00:07:01]  [%emt 00:00:06]} 3. d4 {[%clk 00:07:06]} 3... b6 {
[%clk 00:07:02]  [%emt 00:00:04]} 4. b3 {[%clk 00:07:07]} 4... g6 {
[%clk 00:07:03]  [%emt 00:00:04]} 5. Bb2 {[%clk 00:07:09]} 5... Bg7 {
[%clk 00:07:05]} 6. Nbd2 {[%clk 00:07:09]  [%emt 00:00:05]} 6... Bb7 {
[%clk 00:07:05]  [%emt 00:00:04]} 7. Be2 {[%clk 00:07:07]  [%emt 00:00:04]}
7... d6 {[%clk 00:07:06]} 8. O-O {[%clk 00:07:06]  [%emt 00:00:05]} 8... O-O {
[%clk 00:07:05]  [%emt 00:00:04]} 9. c4 {[%clk 00:07:06]  [%emt 00:00:05]} 9...
Nbd7 {[%clk 00:07:05]} 10. d5 {[%clk 00:06:51]  [%emt 00:00:16]} 10... Qc7 {
[%clk 00:07:04]  [%emt 00:00:07]} 11. Re1 {[%clk 00:06:46]  [%emt 00:00:06]}
11... Rfe8 {[%clk 00:06:59]  [%emt 00:00:07]} 12. Bf1 {
[%clk 00:06:45]  [%emt 00:00:06]} 12... Rad8 {[%clk 00:07:00]  [%emt 00:00:04]}
13. Qc2 {[%clk 00:06:42]  [%emt 00:00:05]} 13... e5 {
[%clk 00:06:46]  [%emt 00:00:14]} 14. a4 {[%clk 00:06:12]  [%emt 00:00:37]}
14... Nf8 {[%clk 00:06:12]  [%emt 00:00:33]} 15. Bc3 {
[%clk 00:05:24]  [%emt 00:00:51]} 15... Bc8 {[%clk 00:06:01]  [%emt 00:00:15]}
16. h3 {[%clk 00:05:20]  [%emt 00:00:06]} 16... Nh5 {
[%clk 00:05:16]  [%emt 00:00:48]} 17. a5 {[%clk 00:05:16]  [%emt 00:00:08]}
17... f5 {[%clk 00:05:04]  [%emt 00:00:15]} 18. axb6 {
[%clk 00:05:07]  [%emt 00:00:11]} 18... axb6 {[%clk 00:05:05]  [%emt 00:00:06]}
19. Ra2 {[%clk 00:04:23]  [%emt 00:00:44]} 19... Bb7 {
[%clk 00:04:29]  [%emt 00:00:38]} 20. Rea1 {[%clk 00:04:19]  [%emt 00:00:10]}
20... Ra8 {[%clk 00:04:28]  [%emt 00:00:05]} 21. Ra7 {
[%clk 00:04:13]  [%emt 00:00:06]} 21... Rxa7 {[%clk 00:03:41]  [%emt 00:01:03]}
22. Rxa7 {[%clk 00:04:14]  [%emt 00:01:00]} 22... Nf6 {[%clk 00:03:42]} 23. Qa2
{[%clk 00:04:09]} 23... Qb8 {[%clk 00:03:39]  [%emt 00:04:26]} 24. b4 {
[%clk 00:03:45]} 24... e4 {[%clk 00:03:22]} 25. Ne1 {[%clk 00:03:15]} 25...
N8d7 {[%clk 00:03:18]} 26. Nc2 {[%clk 00:03:07]} 26... g5 {[%clk 00:02:34]} 27.
Nb3 {[%clk 00:01:51]  [%emt 00:00:05]} 27... Re7 {[%clk 00:01:42]} 28. bxc5 {
[%clk 00:01:50]} 28... dxc5 {[%clk 00:01:43]} 29. Qa1 {[%clk 00:01:28]} 29...
Rf7 {[%clk 00:01:42]} 30. Nd2 {[%clk 00:01:13]  [%emt 00:00:06]} 30... b5 {
[%clk 00:00:59]  [%emt 00:00:45]} 31. cxb5 {[%clk 00:01:04]  [%emt 00:00:12]}
31... Bxd5 {[%clk 00:00:59]  [%emt 00:00:05]} 32. Bc4 {
[%clk 00:00:54]  [%emt 00:00:11]} 32... Bxc4 {[%clk 00:00:30]  [%emt 00:00:35]}
33. Ra8 {[%clk 00:00:48]  [%emt 00:00:06]} 33... Bxb5 {
[%clk 00:00:23]  [%emt 00:00:11]} 34. Rxb8+ {[%clk 00:00:49]  [%emt 00:00:06]}
34... Nxb8 {[%clk 00:00:25]} 35. Qb2 {[%clk 00:00:46]  [%emt 00:00:05]} 35...
Rb7 {[%clk 00:00:12]  [%emt 00:00:13]} 36. Bxf6 {
[%clk 00:00:45]  [%emt 00:00:04]} 36... Bc6 {[%clk 00:00:13]} 37. Bxg7 {
[%clk 00:00:38]  [%emt 00:00:12]} 37... Rxb2 {[%clk 00:00:13]  [%emt 00:00:04]}
38. Bxb2 {[%clk 00:00:40]} 38... Kf7 {[%clk 00:00:13]  [%emt 00:00:05]} 39. Na3
{[%clk 00:00:36]  [%emt 00:00:12]} 39... h6 {[%clk 00:00:10]} 40. Kf1 {
[%clk 00:00:38]} 40... Nd7 {[%clk 00:00:12]  [%emt 00:00:04]} 41. Ndc4 {
[%clk 00:00:37]  [%emt 00:00:05]} 41... Ke6 {[%clk 00:00:13]} 42. Ke2 {
[%clk 00:00:36]  [%emt 00:00:06]} 42... Bb7 {[%clk 00:00:14]  [%emt 00:00:04]}
43. Kd2 {[%clk 00:00:36]} 43... Ba6 {[%clk 00:00:13]  [%emt 00:00:04]} 44. Bg7
{[%clk 00:00:35]  [%emt 00:00:05]} 44... h5 {[%clk 00:00:14]  [%emt 00:00:04]}
45. Bb2 {[%clk 00:00:30]  [%emt 00:00:05]} 45... Kd5 {
[%clk 00:00:10]  [%emt 00:00:04]} 46. Kc3 {[%clk 00:00:27]  [%emt 00:00:07]}
46... Ke6 {[%clk 00:00:10]  [%emt 00:00:05]} 47. Nc2 {
[%clk 00:00:23]  [%emt 00:00:05]} 47... Kd5 {[%clk 00:00:10]  [%emt 00:00:06]}
48. Nd2 {[%clk 00:00:23]  [%emt 00:00:09]} 48... Nb6 {[%clk 00:00:10]} 49. Ba3
{[%clk 00:00:18]  [%emt 00:00:04]} 49... Na4+ {[%clk 00:00:11]  [%emt 00:00:04]
} 50. Kb3 {[%clk 00:00:20]} 50... Nb6 {[%clk 00:00:12]} 51. g3 {
[%clk 00:00:17]  [%emt 00:00:06]} 51... Bd3 {[%clk 00:00:10]  [%emt 00:00:04]}
52. Ne1 {[%clk 00:00:15]  [%emt 00:00:07]} 52... Ba6 {
[%clk 00:00:10]  [%emt 00:00:05]} 53. h4 {[%clk 00:00:16]} 53... gxh4 {
[%clk 00:00:06]  [%emt 00:00:06]} 54. gxh4 {[%clk 00:00:18]} 54... Nd7 {
[%clk 00:00:08]  [%emt 00:00:04]} 55. Ng2 {[%clk 00:00:20]} 55... Kc6 {
[%clk 00:00:09]  [%emt 00:00:04]} 56. Bb2 {[%clk 00:00:18]  [%emt 00:00:05]}
56... Be2 {[%clk 00:00:07]  [%emt 00:00:04]} 57. Nf4 {[%clk 00:00:18]} 57...
Bg4 {[%clk 00:00:08]  [%emt 00:00:05]} 58. Bg7 {
[%clk 00:00:16]  [%emt 00:00:08]} 58... Nb6 {[%clk 00:00:07]} 59. Nc4 {
[%clk 00:00:14]  [%emt 00:00:05]} 59... Na8 {[%clk 00:00:07]  [%emt 00:00:14]}
60. Ne5+ {[%clk 00:00:15]} 60... Kd6 {[%clk 00:00:08]} 61. Nxg4 {
[%clk 00:00:16]} 61... fxg4 {[%clk 00:00:08]  [%emt 00:00:04]} 62. Nxh5 {
[%clk 00:00:17]} 62... Ke6 {[%clk 00:00:08]} 63. Ng3 {[%clk 00:00:17]} 63...
Nc7 {[%clk 00:00:06]  [%emt 00:00:09]} 64. Kc4 {[%clk 00:00:19]} 64... Ne8 {
[%clk 00:00:06]} 65. Kxc5 {[%clk 00:00:18]  [%emt 00:00:07]} 65... Nxg7 {
[%clk 00:00:07]  [%emt 00:00:04]} 66. Nxe4 {[%clk 00:00:17]} 66... Kf5 {
[%clk 00:00:08]} 67. Ng3+ {[%clk 00:00:17]  [%emt 00:00:08]} 67... Ke5 {
[%clk 00:00:10]} 68. h5 {[%clk 00:00:15]  [%emt 00:00:05]} 68... Ne6+ {
[%clk 00:00:11]  [%emt 00:00:04]} 69. Kc6 {[%clk 00:00:14]} 69... Ng5 {
[%clk 00:00:11]  [%emt 00:00:04]} 70. Kd7 {[%clk 00:00:13]  [%emt 00:00:05]}
70... Kf6 {[%clk 00:00:12]  [%emt 00:00:10]} 71. Kd6 {[%clk 00:00:10]} 71...
Nf7+ {[%clk 00:00:10]  [%emt 00:00:04]} 72. Kd5 {[%clk 00:00:11]} 72... Kg5 {
[%clk 00:00:09]  [%emt 00:00:06]} 73. Ke6 {[%clk 00:00:12]  [%emt 00:00:04]}
73... Nh6 {[%clk 00:00:09]} 74. e4 {[%clk 00:00:10]  [%emt 00:00:04]} 74... Kf4
{[%clk 00:00:08]  [%emt 00:00:05]} 75. Kf6 {[%clk 00:00:10]  [%emt 00:00:04]}
75... Kf3 {[%clk 00:00:06]  [%emt 00:00:04]} 76. Kg6 {
[%clk 00:00:09]  [%emt 00:00:04]} 76... Ng8 {[%clk 00:00:07]  [%emt 00:00:05]}
77. h6 {[%clk 00:00:10]} 77... Nxh6 {[%clk 00:00:04]  [%emt 00:00:06]} 78. Kxh6
{[%clk 00:00:11]  [%emt 00:00:05]} 78... Kxf2 {[%clk 00:00:05]} 79. Nh5 {
[%clk 00:00:14]} 79... Ke3 {[%clk 00:00:05]} 80. e5 {[%clk 00:00:16]} 1-0

[Event "Cerrado Blitz Benimodo 2018"]
[Site "Benimodo, Spain"]
[Date "2018.08.13"]
[Round "1.4"]
[White "Granero Roca, Antonio"]
[Black "Garcia, Jhoel"]
[Result "1/2-1/2"]
[WhiteElo "2366"]
[BlackElo "2262"]
[PlyCount "132"]
[EventDate "2018.??.??"]

1. Nf3 {[%clk 00:07:03]  [%emt 00:00:06]} 1... Nf6 {
[%clk 00:07:00]  [%emt 00:00:27]} 2. c4 {[%clk 00:07:04]} 2... e6 {
[%clk 00:06:50]} 3. d4 {[%clk 00:07:05]} 3... d5 {
[%clk 00:06:52]  [%emt 00:00:21]} 4. g3 {[%clk 00:07:06]} 4... c6 {
[%clk 00:06:50]} 5. Qc2 {[%clk 00:07:04]} 5... Nbd7 {
[%clk 00:06:30]  [%emt 00:00:11]} 6. Bg2 {[%clk 00:07:04]} 6... Be7 {
[%clk 00:06:16]  [%emt 00:00:18]} 7. O-O {[%clk 00:07:05]  [%emt 00:00:12]}
7... O-O {[%clk 00:06:18]} 8. b3 {[%clk 00:07:04]} 8... b6 {
[%clk 00:06:14]  [%emt 00:00:04]} 9. Bb2 {[%clk 00:07:05]  [%emt 00:00:03]}
9... Bb7 {[%clk 00:06:16]} 10. Rd1 {[%clk 00:07:06]  [%emt 00:00:03]} 10... Rc8
{[%clk 00:06:15]  [%emt 00:00:04]} 11. Nbd2 {[%clk 00:06:51]  [%emt 00:00:15]}
11... c5 {[%clk 00:05:51]  [%emt 00:00:28]} 12. cxd5 {
[%clk 00:06:51]  [%emt 00:00:05]} 12... cxd4 {[%clk 00:05:41]  [%emt 00:00:15]}
13. Qd3 {[%clk 00:06:16]  [%emt 00:00:35]} 13... e5 {
[%clk 00:05:43]  [%emt 00:00:04]} 14. Qf5 {[%clk 00:06:18]} 14... g6 {
[%clk 00:05:17]  [%emt 00:00:28]} 15. Qh3 {[%clk 00:06:12]  [%emt 00:00:06]}
15... Nxd5 {[%clk 00:04:52]  [%emt 00:00:33]} 16. Nc4 {
[%clk 00:05:58]  [%emt 00:00:12]} 16... Qc7 {[%clk 00:04:28]  [%emt 00:00:27]}
17. Rac1 {[%clk 00:05:53]  [%emt 00:00:16]} 17... Bc5 {
[%clk 00:03:27]  [%emt 00:00:56]} 18. Qh6 {[%clk 00:05:09]  [%emt 00:00:49]}
18... f6 {[%clk 00:02:47]  [%emt 00:00:41]} 19. a3 {
[%clk 00:05:04]  [%emt 00:00:11]} 19... b5 {[%clk 00:02:47]  [%emt 00:00:17]}
20. Ncd2 {[%clk 00:04:59]  [%emt 00:00:07]} 20... Qd8 {
[%clk 00:02:30]  [%emt 00:00:06]} 21. b4 {[%clk 00:04:51]  [%emt 00:00:09]}
21... Be7 {[%clk 00:02:30]  [%emt 00:00:06]} 22. Bh3 {
[%clk 00:04:42]  [%emt 00:00:08]} 22... f5 {[%clk 00:02:19]  [%emt 00:00:14]}
23. Nb3 {[%clk 00:04:36]  [%emt 00:00:16]} 23... Rxc1 {
[%clk 00:02:08]  [%emt 00:00:13]} 24. Nxc1 {[%clk 00:04:19]  [%emt 00:00:39]}
24... Bf6 {[%clk 00:01:52]  [%emt 00:00:04]} 25. Qd2 {
[%clk 00:04:08]  [%emt 00:00:05]} 25... N7b6 {[%clk 00:01:54]  [%emt 00:00:20]}
26. Ba1 {[%clk 00:03:50]  [%emt 00:00:10]} 26... Nc4 {[%clk 00:01:55]} 27. Qa2
{[%clk 00:03:52]} 27... Qe7 {[%clk 00:01:54]} 28. Nb3 {[%clk 00:03:53]} 28...
Bc8 {[%clk 00:01:15]  [%emt 00:00:43]} 29. Nc5 {
[%clk 00:03:49]  [%emt 00:00:10]} 29... Kh8 {[%clk 00:01:16]  [%emt 00:00:04]}
30. Bg2 {[%clk 00:03:42]  [%emt 00:00:07]} 30... Nc3 {
[%clk 00:01:04]  [%emt 00:00:14]} 31. Bxc3 {[%clk 00:03:43]  [%emt 00:00:05]}
31... dxc3 {[%clk 00:01:06]} 32. e4 {[%clk 00:03:27]  [%emt 00:00:20]} 32...
Bg7 {[%clk 00:00:59]  [%emt 00:00:06]} 33. Qb3 {
[%clk 00:03:20]  [%emt 00:00:30]} 33... fxe4 {[%clk 00:00:51]  [%emt 00:00:03]}
34. Nxe4 {[%clk 00:03:16]} 34... Bf5 {[%clk 00:00:38]  [%emt 00:00:12]} 35.
Nxc3 {[%clk 00:03:08]  [%emt 00:00:10]} 35... e4 {
[%clk 00:00:35]  [%emt 00:00:14]} 36. Nd5 {[%clk 00:03:00]  [%emt 00:00:06]}
36... Qb7 {[%clk 00:00:24]  [%emt 00:00:13]} 37. Nh4 {
[%clk 00:02:55]  [%emt 00:00:08]} 37... Rd8 {[%clk 00:00:24]  [%emt 00:00:03]}
38. Ne3 {[%clk 00:02:37]  [%emt 00:00:19]} 38... Rxd1+ {
[%clk 00:00:20]  [%emt 00:00:37]} 39. Nxd1 {[%clk 00:02:39]} 39... Qd7 {
[%clk 00:00:18]  [%emt 00:00:04]} 40. Nxf5 {[%clk 00:02:26]} 40... gxf5 {
[%clk 00:00:19]} 41. Ne3 {[%clk 00:02:25]  [%emt 00:00:04]} 41... Nxe3 {
[%clk 00:00:17]} 42. Qxe3 {[%clk 00:02:20]  [%emt 00:00:06]} 42... Bd4 {
[%clk 00:00:14]  [%emt 00:00:07]} 43. Qf4 {[%clk 00:02:14]  [%emt 00:00:07]}
43... Qe6 {[%clk 00:00:13]  [%emt 00:00:04]} 44. Qb8+ {
[%clk 00:01:55]  [%emt 00:00:19]} 44... Kg7 {[%clk 00:00:14]  [%emt 00:00:14]}
45. Qc7+ {[%clk 00:01:57]} 45... Kg6 {[%clk 00:00:11]} 46. Qd8 {
[%clk 00:01:39]  [%emt 00:00:17]} 46... Bb6 {[%clk 00:00:10]  [%emt 00:00:31]}
47. Qd1 {[%clk 00:01:28]  [%emt 00:00:04]} 47... e3 {[%clk 00:00:12]} 48. fxe3
{[%clk 00:01:26]} 48... Qxe3+ {[%clk 00:00:14]} 49. Kh1 {[%clk 00:01:28]} 49...
Bd4 {[%clk 00:00:17]} 50. Bf3 {[%clk 00:01:27]  [%emt 00:00:03]} 50... Qf2 {
[%clk 00:00:19]} 51. Bh5+ {[%clk 00:01:25]} 51... Kf6 {
[%clk 00:00:21]  [%emt 00:00:03]} 52. Bf3 {[%clk 00:01:24]  [%emt 00:00:04]}
52... a6 {[%clk 00:00:23]} 53. Bg2 {[%clk 00:01:11]  [%emt 00:00:17]} 53... h6
{[%clk 00:00:23]  [%emt 00:00:04]} 54. Bb7 {[%clk 00:01:02]  [%emt 00:00:06]}
54... Qe3 {[%clk 00:00:21]  [%emt 00:00:09]} 55. Kg2 {
[%clk 00:00:50]  [%emt 00:00:12]} 55... f4 {[%clk 00:00:14]  [%emt 00:00:14]}
56. Qg4 {[%clk 00:00:34]  [%emt 00:00:15]} 56... Qf2+ {
[%clk 00:00:09]  [%emt 00:00:10]} 57. Kh3 {[%clk 00:00:35]  [%emt 00:00:04]}
57... fxg3 {[%clk 00:00:11]} 58. Qh4+ {[%clk 00:00:26]  [%emt 00:00:08]} 58...
Ke6 {[%clk 00:00:08]  [%emt 00:00:09]} 59. Qe4+ {
[%clk 00:00:23]  [%emt 00:00:06]} 59... Kf6 {[%clk 00:00:08]  [%emt 00:00:04]}
60. hxg3 {[%clk 00:00:16]  [%emt 00:00:06]} 60... Qf1+ {
[%clk 00:00:10]  [%emt 00:00:29]} 61. Kg4 {[%clk 00:00:16]} 61... h5+ {
[%clk 00:00:10]  [%emt 00:00:04]} 62. Kxh5 {[%clk 00:00:11]} 62... Qh3+ {
[%clk 00:00:09]} 63. Qh4+ {[%clk 00:00:13]} 63... Qxh4+ {[%clk 00:00:09]} 64.
Kxh4 {[%clk 00:00:14]} 64... Bb2 {[%clk 00:00:11]} 65. Bxa6 {
[%clk 00:00:16]  [%emt 00:00:03]} 65... Bxa3 {[%clk 00:00:14]} 66. Bxb5 {
[%clk 00:00:17]} 66... Bxb4 {[%clk 00:00:15]} 1/2-1/2

[Event "Cerrado Blitz Benimodo 2018"]
[Site "Benimodo, Spain"]
[Date "2018.08.13"]
[Round "2.1"]
[White "Galvan, Jesus"]
[Black "Garcia, Jhoel"]
[Result "0-1"]
[WhiteElo "2225"]
[BlackElo "2262"]
[PlyCount "63"]
[EventDate "2018.??.??"]

1. d4 {[%clk 00:07:03]  [%emt 00:01:05]} 1... Nf6 {
[%clk 00:07:03]  [%emt 00:00:13]} 2. c4 {[%clk 00:07:03]} 2... g6 {
[%clk 00:07:03]  [%emt 00:00:31]} 3. Nc3 {[%clk 00:07:03]} 3... Bg7 {
[%clk 00:07:03]  [%emt 00:00:06]} 4. e4 {[%clk 00:07:05]} 4... d6 {
[%clk 00:07:01]} 5. f4 {[%clk 00:07:06]} 5... c5 {
[%clk 00:06:52]  [%emt 00:00:09]} 6. d5 {[%clk 00:07:04]  [%emt 00:00:03]} 6...
O-O {[%clk 00:06:53]  [%emt 00:00:07]} 7. Nf3 {[%clk 00:07:05]} 7... e6 {
[%clk 00:06:47]  [%emt 00:00:07]} 8. Be2 {[%clk 00:06:58]  [%emt 00:00:05]}
8... exd5 {[%clk 00:06:49]  [%emt 00:00:13]} 9. exd5 {[%clk 00:07:00]} 9... Bf5
{[%clk 00:06:31]  [%emt 00:00:14]} 10. O-O {[%clk 00:07:00]} 10... a6 {
[%clk 00:06:33]  [%emt 00:00:10]} 11. a4 {[%clk 00:07:01]} 11... Re8 {
[%clk 00:06:26]  [%emt 00:00:05]} 12. Bd3 {[%clk 00:07:02]  [%emt 00:00:04]}
12... Ne4 {[%clk 00:06:16]  [%emt 00:00:11]} 13. Nxe4 {
[%clk 00:06:41]  [%emt 00:00:23]} 13... Bxe4 {[%clk 00:06:18]  [%emt 00:00:04]}
14. Bxe4 {[%clk 00:06:43]} 14... Rxe4 {[%clk 00:06:20]  [%emt 00:00:03]} 15.
Ng5 {[%clk 00:06:45]} 15... Re8 {[%clk 00:04:35]  [%emt 00:01:47]} 16. f5 {
[%clk 00:06:46]  [%emt 00:00:03]} 16... Bf6 {[%clk 00:04:04]  [%emt 00:00:30]}
17. fxg6 {[%clk 00:06:42]  [%emt 00:00:15]} 17... hxg6 {
[%clk 00:03:44]  [%emt 00:00:42]} 18. Qg4 {[%clk 00:04:28]  [%emt 00:01:50]}
18... Re5 {[%clk 00:02:58]  [%emt 00:00:50]} 19. h4 {
[%clk 00:03:47]  [%emt 00:00:44]} 19... Nd7 {[%clk 00:02:55]  [%emt 00:00:32]}
20. Bd2 {[%clk 00:03:18]  [%emt 00:00:05]} 20... Qe7 {
[%clk 00:02:27]  [%emt 00:00:32]} 21. Bc3 {[%clk 00:02:48]  [%emt 00:00:32]}
21... Re3 {[%clk 00:01:54]  [%emt 00:00:37]} 22. Qf4 {
[%clk 00:02:15]  [%emt 00:00:35]} 22... Bxc3 {[%clk 00:01:35]  [%emt 00:00:22]}
23. bxc3 {[%clk 00:02:17]  [%emt 00:00:29]} 23... Rf8 {[%clk 00:01:37]} 24. h5
{[%clk 00:01:53]  [%emt 00:00:07]} 24... Qe5 {[%clk 00:01:13]  [%emt 00:00:19]}
25. hxg6 {[%clk 00:00:44]  [%emt 00:01:13]} 25... Qxf4 {
[%clk 00:01:15]  [%emt 00:00:23]} 26. Rxf4 {[%clk 00:00:46]} 26... fxg6 {
[%clk 00:01:17]} 27. Re4 {[%clk 00:00:42]} 27... Rxc3 {
[%clk 00:00:34]  [%emt 00:00:33]} 28. Re7 {[%clk 00:00:17]  [%emt 00:00:31]}
28... Rf5 {[%clk 00:00:33]  [%emt 00:00:08]} 29. Nf3 {
[%clk 00:00:10]  [%emt 00:00:07]} 29... Ne5 {[%clk 00:00:30]  [%emt 00:00:04]}
30. Nxe5 {[%clk 00:00:05]  [%emt 00:00:10]} 30... dxe5 {
[%clk 00:00:32]  [%emt 00:00:03]} 31. Rd1 {[%clk 00:00:05]} 31... Rf8 {
[%clk 00:00:09]  [%emt 00:00:24]} 32. d6 {[%emt 00:00:12]} 0-1

[Event "Cerrado Blitz Benimodo 2018"]
[Site "Benimodo, Spain"]
[Date "2018.08.13"]
[Round "2.3"]
[White "Valentin Pascual, Cesar"]
[Black "Garcia Sancho, Josep"]
[Result "0-1"]
[WhiteElo "2098"]
[BlackElo "2027"]
[PlyCount "38"]
[EventDate "2018.??.??"]

1. e4 {[%clk 00:07:04]  [%emt 00:00:05]} 1... c5 {[%clk 00:07:05]} 2. Nf3 {
[%clk 00:07:04]  [%emt 00:00:05]} 2... g6 {[%clk 00:07:07]} 3. d4 {
[%clk 00:06:52]  [%emt 00:00:13]} 3... cxd4 {[%clk 00:07:08]  [%emt 00:00:05]}
4. Nxd4 {[%clk 00:06:53]} 4... Nc6 {[%clk 00:07:09]  [%emt 00:00:04]} 5. Nc3 {
[%clk 00:06:47]  [%emt 00:00:06]} 5... Bg7 {[%clk 00:07:11]} 6. Be3 {
[%clk 00:06:46]  [%emt 00:00:10]} 6... Nf6 {[%clk 00:07:12]} 7. Be2 {
[%clk 00:06:08]  [%emt 00:00:37]} 7... O-O {[%clk 00:07:10]  [%emt 00:00:06]}
8. O-O {[%clk 00:06:05]  [%emt 00:00:05]} 8... d5 {
[%clk 00:07:09]  [%emt 00:00:05]} 9. Nxc6 {[%clk 00:06:02]  [%emt 00:00:07]}
9... bxc6 {[%clk 00:07:10]} 10. e5 {[%clk 00:05:59]  [%emt 00:00:09]} 10... Nd7
{[%clk 00:06:57]  [%emt 00:00:14]} 11. f4 {[%clk 00:06:00]  [%emt 00:00:06]}
11... f6 {[%clk 00:06:48]  [%emt 00:00:09]} 12. Nxd5 {
[%clk 00:05:08]  [%emt 00:00:55]} 12... fxe5 {[%clk 00:06:46]  [%emt 00:00:06]}
13. Bc4 {[%clk 00:03:12]  [%emt 00:02:02]} 13... Kh8 {
[%clk 00:06:40]  [%emt 00:00:05]} 14. Nb4 {[%clk 00:03:06]  [%emt 00:00:08]}
14... exf4 {[%clk 00:06:09]  [%emt 00:00:36]} 15. Nxc6 {
[%clk 00:01:48]  [%emt 00:01:19]} 15... Qc7 {[%clk 00:06:09]  [%emt 00:00:05]}
16. Kh1 {[%clk 00:00:14]  [%emt 00:01:38]} 16... fxe3 {
[%clk 00:04:25]  [%emt 00:01:45]} 17. Rxf8+ {[%emt 00:00:33]} 17... Bxf8 {
[%emt 00:00:26]} 18. Qd5 Nf6 19. Qf7 {[%emt 00:00:06]} 19... Bb7 0-1